Mapa de ciudades de EE.UU. - Estadísticas

Estadísticas generales
  • Esta prueba ha sido intentada 3.128 veces
  • La puntuación promedio es 17 de 34
Respuestas en el mapa
Las respuestas están codificadas por una escala verde-roja en el mapa de la prueba según el % correcto abajo.
 
Estadísticas de respuestas
Respuesta % Correcto
Miami
78%
Los Ángeles
77%
Seattle
76%
Las Vegas
74%
San Diego
71%
Nueva York
70%
San Francisco
70%
Houston
65%
El Paso
63%
Tampa
61%
Boston
58%
Dallas
58%
Nueva Orleans
58%
Portland
57%
Chicago
56%
Phoenix
56%
Washington D. C.
54%
Atlanta
53%
Denver
45%
Detroit
44%
Charlotte
41%
Filadelfia
41%
Indianápolis
41%
Mineápolis
40%
Boise
35%
Cleveland
34%
Milwaukee
34%
Nashville
33%
Memphis
32%
Pittsburgh
32%
Cincinnati
31%
Omaha
29%
San Luis
29%
Birmingham
28%
No se encontraron pruebas coincidentes
Distribución de puntuación
Porcentaje de gente con cada puntuación
Porcentaje por número respondido
Historial de tus puntuaciones
No has intentado esta prueba.